书目信息 |
| 题名: |
心理语言学与外语教学
|
|
| 作者: | 董燕萍 著 | |
| 分册: | ||
| 出版信息: | 北京 外语教学与研究出版社 2009.09 |
|
| 页数: | x, 227页 | |
| 开本: | 21cm | |
| 丛书名: | 中国英语教师丛书 | |
| 单 册: | ||
| 中图分类: | H09 | |
| 科图分类: | ||
| 主题词: | 心理语言学--xin li yu yan xue--应用--外语教学--教学研究 | |
| 电子资源: | ||
| ISBN: | 978-7-5600-5216-8 | |
| 000 | 01060nam 2200289 450 | |
| 001 | CAL 012005149223 | |
| 005 | 20110830083402.42 | |
| 010 | @a978-7-5600-5216-8@dCNY19.90 | |
| 100 | @a20051226d2009 em y0chiy50 ea | |
| 101 | 0 | @achi |
| 102 | @aCN@b1100000 | |
| 105 | @aa a 000yy | |
| 106 | @ar | |
| 200 | 1 | @a心理语言学与外语教学@Axin li yu yan xue yu wai yu jiao xue@f董燕萍著 |
| 210 | @a北京@c外语教学与研究出版社@d2009.09 | |
| 215 | @ax, 227页@c图@d21cm | |
| 225 | 2 | @a中国英语教师丛书@Azhong guo yang yu jiao shi cong shu |
| 300 | @a教育部人文社科重点研究基地项目 | |
| 320 | @a有书目 (第197-227页) | |
| 330 | @a本书以心理语言学的主要研究课题为线索,试图探讨心理语言学的研究成果在我国外语教学中应用的可能性。这些课题包括语言的理解(语言感知、心理词库、句子理解和篇章理解)、语言的生成以及语言的习得。 | |
| 410 | 0 | @12001 @a中国英语教师丛书 |
| 586 | @a | |
| 606 | 0 | @a心理语言学@Axin li yu yan xue@x应用@x外语教学@x教学研究 |
| 690 | @aH09@v5 | |
| 701 | 0 | @a董燕萍@Adong yan ping@4著 |
| 801 | 0 | @aCN@c20110610 |
| 905 | @dH09@eD750@f3 | |
| 心理语言学与外语教学/董燕萍著.-北京:外语教学与研究出版社,2009.09 |
| x, 227页:图;21cm.-(中国英语教师丛书) |
| 教育部人文社科重点研究基地项目 |
| ISBN 978-7-5600-5216-8:CNY19.90 |
| 本书以心理语言学的主要研究课题为线索,试图探讨心理语言学的研究成果在我国外语教学中应用的可能性。这些课题包括语言的理解(语言感知、心理词库、句子理解和篇章理解)、语言的生成以及语言的习得。 |
| ● |
| 相关链接 |
|
|
|
正题名:心理语言学与外语教学
索取号:H09/D750
 
预约/预借
| 序号 | 登录号 | 条形码 | 馆藏地/架位号 | 状态 | 备注 |
| 1 | 888851 | 208888514 | 语言库209/209语言库 68排3列2层/ [索取号:H09/D750] | 在馆 | |
| 2 | 888852 | 208888523 | 语言库209/209语言库 68排3列2层/ [索取号:H09/D750] | 在馆 | |
| 3 | 888853 | 208888532 | 语言库209/209语言库 68排3列2层/ [索取号:H09/D750] | 在馆 |